Fr. Conceicao Rodrigues College of Engineering

JAVAScript (Record no. 30369)

MARC details
000 -LEADER
fixed length control field 00295nam a2200145Ia 4500
082 ## - DEWEY DECIMAL CLASSIFICATION NUMBER
Classification number 005.133J/GOS
Item number GOS
100 ## - MAIN ENTRY--PERSONAL NAME
Personal name Gosselin
245 ## - TITLE STATEMENT
Title JAVAScript
260 ## - PUBLICATION, DISTRIBUTION, ETC.
Name of publisher, distributor, etc. Cengage Learning
Place of publication, distribution, etc. Mumbai
Date of publication, distribution, etc. 2008
300 ## - PHYSICAL DESCRIPTION
Extent 525
546 ## - LANGUAGE NOTE
Language note ENGLISH
650 ## - SUBJECT ADDED ENTRY--TOPICAL TERM
Topical term or geographic name entry element Java
654 ## - SUBJECT ADDED ENTRY--FACETED TOPICAL TERMS
Focus term java
942 ## - ADDED ENTRY ELEMENTS (KOHA)
Koha item type BOOK
Holdings
Withdrawn status Lost status Damaged status Not for loan Collection Home library Current library Date acquired Source of acquisition Inventory number Total Checkouts Full call number Barcode Date last seen Price effective from Koha item type
        CRC Fr. Agnel's C.Rodrigues College of Engineering Fr. Agnel's C.Rodrigues College of Engineering 17/03/2023 Educational books and periodicals 106 dt 26/11/2008   005.133J/GOS GOS 19112 17/03/2023   BOOK